[Event "Bosnjaci op 27th"]
[Site "Bosnjaci"]
[Date "2023.01.03"]
[Round "1"]
[White "Hamzic, Adil"]
[Black "Sipic, Hrvoje"]
[Result "0-1"]
[WhiteElo "1710"]
[BlackElo "2241"]
[PlyCount "89"]
[EventDate "2023.01.03"]
[EventType "swiss"]
[EventRounds "9"]
[EventCountry "CRO"]
[SourceTitle "CBM 212 Extra"]
[Source "ChessBase"]
[SourceDate "2023.03.31"]
[SourceVersion "1"]
[SourceVersionDate "2023.03.31"]
[SourceQuality "1"]

1. e4 c5 2. Nf3 Nc6 3. d4 cxd4 4. Nxd4 Nf6 5. Nxc6 bxc6 6. Bd3 e5 7. Bg5 Be7 8. 0-0 0-0 9. Bxf6 Bxf6 10. c4 Rb8 11. Qc2 Qb6 12. b3 d5 13. Nc3 d4 14. Ne2 a5 15. Ng3 c5 16. Rab1 Bd7 17. a4 g6 18. Rfe1 Rb7 19. Qd2 Rfb8 20. Bc2 Qd8 21. Qd3 Bg5 22. Red1 Qb6 23. h3 Rf8 24. Rf1 Bc6 25. Qe2 h5 26. Nh1 Rd7 27. g3 Qb7 28. f4 Bh6 29. Kh2 exf4 30. gxf4 Re7 31. Rbe1 Rfe8 32. f5 Bxe4 33. Bxe4 Rxe4 34. Qd1 Qb8+ 35. Kg2 Re3 36. Rxe3 Rxe3 37. Rf3 Qb7 38. fxg6 fxg6 39. Ng3 h4 40. Nf1 Rc3 41. Qe2 Rxb3 42. Qe6+ Kg7 43. Qf6+ Kh7 44. Qf7+ Qxf7 45. Rxf7+ 0-1

[Event "Tuzla op 16th"]
[Site "Tuzla"]
[Date "2022.11.25"]
[Round "2"]
[White "Sinanovic, Ermin"]
[Black "Hamzic, Adil"]
[Result "1-0"]
[WhiteElo "2127"]
[BlackElo "1707"]
[PlyCount "31"]
[EventDate "2022.11.24"]
[EventType "swiss"]
[EventRounds "7"]
[EventCountry "BIH"]
[SourceTitle "CBM 211 Extra"]
[Source "ChessBase"]
[SourceDate "2023.01.31"]
[SourceVersion "1"]
[SourceVersionDate "2023.01.31"]
[SourceQuality "1"]

1. e4 d6 2. d4 Nf6 3. Nc3 b6 4. Nf3 g6 5. Bc4 Bg7 6. Qe2 0-0 7. e5 Ne8 8. Bg5 h6 9. exd6 Nxd6 10. Bxe7 Qd7 11. Bxf8 Kxf8 12. Ne5 Bxe5 13. dxe5 Nxc4 14. Qxc4 Qe7 15. 0-0-0 Bb7 16. Nd5 1-0

[Event "Bosnjaci op 26th"]
[Site "Bosnjaci"]
[Date "2022.01.03"]
[Round "1"]
[White "Lalic, Kristijan"]
[Black "Hamzic, Adil"]
[Result "1-0"]
[WhiteElo "2215"]
[BlackElo "1769"]
[PlyCount "75"]
[EventDate "2022.01.03"]
[EventType "swiss"]
[EventRounds "9"]
[EventCountry "CRO"]
[SourceTitle "EXT 2023"]
[Source "ChessBase"]
[SourceDate "2022.10.05"]
[SourceVersion "1"]
[SourceVersionDate "2022.10.05"]
[SourceQuality "1"]

1. e4 c5 2. Nf3 d6 3. d4 cxd4 4. Nxd4 Nf6 5. f3 e6 6. c4 Nc6 7. Nc3 Be7 8. Be3 Bd7 9. Be2 Nxd4 10. Qxd4 a6 11. 0-0 Rc8 12. b4 0-0 13. Rac1 e5 14. Qd2 Be6 15. Na4 Nd7 16. Rfd1 Qc7 17. Bf1 Qb8 18. Nc3 h6 19. a3 Rfe8 20. Nd5 Bxd5 21. Qxd5 Nf6 22. Qd2 Kh7 23. Rb1 Qa8 24. a4 Red8 25. a5 Rd7 26. Rdc1 Rdc7 27. g3 Bf8 28. Bh3 Rc6 29. Bxc8 Qxc8 30. Qd3 Qh3 31. b5 Rc8 32. Qf1 Qd7 33. bxa6 bxa6 34. Rb6 d5 35. cxd5 Rxc1 36. Qxc1 Qa4 37. Rxa6 Bb4 38. Ra7 1-0

[Event "Sarajevo Bosna op 49th"]
[Site "Sarajevo"]
[Date "2019.05.02"]
[Round "8"]
[White "Hamzic, Adil"]
[Black "Gazija, Tarik"]
[Result "1/2-1/2"]
[WhiteElo "1708"]
[BlackElo "1494"]
[PlyCount "41"]
[EventDate "2019.04.27"]
[EventType "swiss"]
[EventRounds "9"]
[EventCountry "BIH"]
[SourceTitle "CBM 190 Extra"]
[Source "ChessBase"]
[SourceDate "2019.07.15"]
[SourceVersion "1"]
[SourceVersionDate "2019.07.15"]
[SourceQuality "1"]

1. e4 e5 2. Nf3 Nc6 3. Bb5 Bc5 4. 0-0 d6 5. h3 a6 6. Ba4 b5 7. Bb3 Nf6 8. d3 h6 9. c3 0-0 10. Re1 Re8 11. Bc2 Bb6 12. d4 Bb7 13. d5 Ne7 14. Be3 c6 15. Bxb6 Qxb6 16. dxc6 Qxc6 17. Nbd2 Qc7 18. Nf1 Rac8 19. Rc1 Red8 20. Ng3 Ng6 21. Re3 1/2-1/2

[Event "Sarajevo Bosna op 49th"]
[Site "Sarajevo"]
[Date "2019.04.30"]
[Round "6"]
[White "Fejzic, Danis"]
[Black "Hamzic, Adil"]
[Result "1-0"]
[WhiteElo "1539"]
[BlackElo "1708"]
[PlyCount "57"]
[EventDate "2019.04.27"]
[EventType "swiss"]
[EventRounds "9"]
[EventCountry "BIH"]
[SourceTitle "CBM 190 Extra"]
[Source "ChessBase"]
[SourceDate "2019.07.15"]
[SourceVersion "1"]
[SourceVersionDate "2019.07.15"]
[SourceQuality "1"]

1. e4 c5 2. Nf3 d6 3. d4 cxd4 4. Nxd4 Nf6 5. Nc3 a6 6. Be3 b5 7. f3 Bb7 8. Qd2 Nbd7 9. 0-0-0 e6 10. g4 Rc8 11. h4 Nb6 12. h5 Nc4 13. Bxc4 Rxc4 14. g5 Nd7 15. g6 Be7 16. gxf7+ Kxf7 17. Rhg1 Rc5 18. Rxg7+ Kxg7 19. Nxe6+ Kf7 20. Nxd8+ Rxd8 21. Bxc5 Nxc5 22. Nd5 Bxd5 23. Qxd5+ Ke8 24. Qg8+ Kd7 25. Qxh7 Rf8 26. e5 Kd8 27. exd6 Bg5+ 28. Kb1 Nd7 29. a3 1-0

[Event "Sarajevo Bosna op 49th"]
[Site "Sarajevo"]
[Date "2019.04.30"]
[Round "5"]
[White "Hamzic, Adil"]
[Black "Stanivukovic, Drago"]
[Result "0-1"]
[WhiteElo "1708"]
[BlackElo "1848"]
[PlyCount "140"]
[EventDate "2019.04.27"]
[EventType "swiss"]
[EventRounds "9"]
[EventCountry "BIH"]
[SourceTitle "CBM 190 Extra"]
[Source "ChessBase"]
[SourceDate "2019.07.15"]
[SourceVersion "1"]
[SourceVersionDate "2019.07.15"]
[SourceQuality "1"]

1. e4 d6 2. d4 Nf6 3. Bd3 g6 4. Nf3 Bg4 5. h3 Bxf3 6. Qxf3 Nc6 7. c3 Bg7 8. 0-0 0-0 9. Be3 e5 10. d5 Ne7 11. Bg5 Nd7 12. Qe3 f5 13. exf5 gxf5 14. Qg3 Nf6 15. Be2 f4 16. Qd3 h6 17. Bxf6 Rxf6 18. Nd2 Nf5 19. Bg4 Nh4 20. Nf3 Ng6 21. Bh5 Ne7 22. Nh2 Kh8 23. Bd1 Qg8 24. Bc2 Rg6 25. Qf3 Rf6 26. Ng4 Rf7 27. Kh1 Bf8 28. Rg1 Nf5 29. Nh2 Qg5 30. Qg4 Qxg4 31. Nxg4 h5 32. Nh2 Re8 33. Rae1 Kg7 34. g3 fxg3 35. fxg3 Ne7 36. c4 b5 37. b3 bxc4 38. bxc4 c6 39. Rgf1 Rxf1+ 40. Rxf1 cxd5 41. cxd5 Nxd5 42. Bb3 Nf6 43. g4 hxg4 44. Nxg4 Nxg4 45. hxg4 Re7 46. Kg2 Rd7 47. Rf5 Be7 48. Rf7+ Kg6 49. Rf5 Bg5 50. Bc2 Kh6 51. Bb3 Rc7 52. Rf7 Be7 53. Kf3 Kg6 54. Rf5 Rc1 55. Be6 Bf6 56. Rh5 Rf1+ 57. Ke2 Ra1 58. Kd3 Rd1+ 59. Kc2 Rd4 60. Bf5+ Kf7 61. Rh3 d5 62. Rd3 Rxd3 63. Kxd3 Be7 64. Bh7 Ke6 65. Bf5+ Kd6 66. a4 Kc5 67. Be6 e4+ 68. Ke2 d4 69. Kd2 Bg5+ 70. Kd1 d3 0-1

[Event "Sarajevo Bosna op 49th"]
[Site "Sarajevo"]
[Date "2019.04.29"]
[Round "4"]
[White "Sabic, Muris"]
[Black "Hamzic, Adil"]
[Result "1-0"]
[WhiteElo "1963"]
[BlackElo "1708"]
[PlyCount "97"]
[EventDate "2019.04.27"]
[EventType "swiss"]
[EventRounds "9"]
[EventCountry "BIH"]
[SourceTitle "CBM 190 Extra"]
[Source "ChessBase"]
[SourceDate "2019.07.15"]
[SourceVersion "1"]
[SourceVersionDate "2019.07.15"]
[SourceQuality "1"]

1. e4 c5 2. Nf3 d6 3. d4 cxd4 4. Nxd4 Nf6 5. Nc3 a6 6. Be2 e6 7. 0-0 Be7 8. a4 0-0 9. f4 Nc6 10. Kh1 Bd7 11. Be3 Rc8 12. Nb3 a5 13. Bf3 e5 14. f5 Nb4 15. g4 Ne8 16. Rf2 Bg5 17. Bxg5 Qxg5 18. Nxa5 Qe3 19. Qd2 Qb6 20. Nb3 Bc6 21. Re2 Na6 22. Rd1 Nc5 23. Nxc5 Qxc5 24. Nd5 Bxd5 25. Qxd5 Qb6 26. c3 Rc5 27. Qa2 Qc7 28. g5 Kh8 29. Rg1 Ra5 30. b4 Qxc3 31. bxa5 Qxf3+ 32. Reg2 Qxe4 33. Qf2 Kg8 34. f6 Qxa4 35. Qb6 d5 36. Rg4 e4 37. h4 Qa3 38. R4g3 Qa4 39. Qxb7 Qxa5 40. Rd1 Qa2 41. Qxd5 Qf2 42. Qe5 Kh8 43. Rdg1 gxf6 44. Qe7 Rg8 45. Qxf7 e3 46. gxf6 Qxg3 47. Rxg3 Rxg3 48. Qxe8+ Rg8 49. f7 1-0

[Event "Sarajevo Bosna op 48th"]
[Site "Sarajevo"]
[Date "2018.05.05"]
[Round "1"]
[White "Hadzovic, Amir"]
[Black "Hamzic, Adil"]
[Result "1-0"]
[WhiteElo "2287"]
[BlackElo "1688"]
[PlyCount "51"]
[EventDate "2018.05.05"]
[EventType "swiss"]
[EventRounds "9"]
[EventCountry "BIH"]
[SourceTitle "CBM 184 Extra"]
[Source "ChessBase"]
[SourceDate "2018.06.28"]
[SourceVersion "1"]
[SourceVersionDate "2018.06.28"]
[SourceQuality "1"]

1. e4 c5 2. Nc3 d6 3. f4 e6 4. Nf3 Be7 5. Bc4 a6 6. a4 Nc6 7. 0-0 Bf6 8. Qe1 Qc7 9. d3 Bd7 10. Qg3 h5 11. f5 0-0-0 12. Ng5 Bd4+ 13. Kh1 h4 14. Qh3 Ne5 15. fxe6 fxe6 16. Bxe6 Nf6 17. Nd5 Nxd5 18. exd5 Kb8 19. c3 Rdf8 20. Bd2 Bf2 21. Ne4 Bxe6 22. dxe6 Nxd3 23. Qxd3 h3 24. Rxf2 Rxf2 25. Nxf2 hxg2+ 26. Kg1 1-0

[Event "BIH-chT1A 22nd"]
[Site "Tuzla"]
[Date "2015.10.17"]
[Round "3.2"]
[White "Hamzic, Adil"]
[Black "Redzepi, Mehmedalija"]
[Result "1/2-1/2"]
[WhiteElo "1762"]
[BlackElo "1909"]
[PlyCount "87"]
[EventDate "2015.10.16"]
[EventType "tourn"]
[EventRounds "9"]
[EventCountry "BIH"]
[SourceTitle "CBM 169 Extra"]
[Source "ChessBase"]
[SourceDate "2015.12.18"]
[SourceVersion "1"]
[SourceVersionDate "2015.12.18"]
[SourceQuality "1"]

1. e4 e6 2. d4 d5 3. Nd2 Nf6 4. exd5 exd5 5. Ngf3 Bg4 6. h3 Bh5 7. Qe2+ Qe7 8. g4 Qxe2+ 9. Bxe2 Bg6 10. c3 Bd6 11. Ne5 Nbd7 12. Nxg6 hxg6 13. Kd1 0-0-0 14. Bf3 Rde8 15. Nf1 Ne4 16. Be3 f5 17. Bxe4 Rxe4 18. f3 Re6 19. Bf2 fxg4 20. fxg4 Nf6 21. g5 Ne4 22. Be3 Bf4 23. Kc2 Bxg5 24. Bxg5 Nxg5 25. Nh2 Rxh3 26. Ng4 Rg3 27. Ne5 c5 28. Rac1 c4 29. Rcg1 Rxg1 30. Rxg1 Ne4 31. Nxg6 Kd8 32. Nf4 Rf6 33. Nxd5 Rf2+ 34. Kc1 g5 35. a4 a6 36. Nb6 Nd2 37. Nd5 Nb3+ 38. Kb1 b5 39. axb5 axb5 40. Ka2 Rf5 41. Ne3 Rf3 42. Nd5 Rf5 43. Ne3 Rf3 44. Nd5 1/2-1/2

[Event "Sarajevo Bosna op 45th"]
[Site "Sarajevo"]
[Date "2015.06.01"]
[Round "4"]
[White "Karup, Edin"]
[Black "Hamzic, Adil"]
[Result "1-0"]
[WhiteElo "2156"]
[BlackElo "1823"]
[PlyCount "51"]
[EventDate "2015.05.30"]
[EventType "swiss"]
[EventRounds "9"]
[EventCountry "BIH"]
[SourceTitle "CBM 166 Extra"]
[Source "ChessBase"]
[SourceDate "2015.06.18"]
[SourceVersion "1"]
[SourceVersionDate "2015.06.18"]
[SourceQuality "1"]

1. e4 c5 2. Nf3 d6 3. d4 cxd4 4. Nxd4 Nf6 5. Nc3 a6 6. Bg5 e6 7. f4 Qa5 8. Bd3 h6 9. Nb3 Qc7 10. Bh4 b5 11. a3 Bb7 12. Qe2 Nbd7 13. 0-0-0 Nc5 14. Nd4 Rc8 15. e5 dxe5 16. fxe5 Nfd7 17. Bg3 Na4 18. Nxe6 Qc6 19. Nxa4 Qxe6 20. Rhf1 Rc7 21. Bf5 Qc4 22. Qxc4 bxc4 23. e6 Nc5 24. exf7+ Kxf7 25. Bh7+ Ke7 26. Bd6+ 1-0

[Event "Sarajevo Bosna op-B 44th"]
[Site "Sarajevo"]
[Date "2014.06.06"]
[Round "9"]
[White "Hamzic, Adil"]
[Black "Milovic, Milomir"]
[Result "1-0"]
[WhiteElo "1788"]
[BlackElo "1934"]
[PlyCount "39"]
[EventDate "2014.05.30"]
[EventType "swiss"]
[EventRounds "9"]
[EventCountry "BIH"]
[SourceTitle "CBM 160 Extra"]
[Source "ChessBase"]
[SourceDate "2014.07.01"]
[SourceVersion "1"]
[SourceVersionDate "2014.07.01"]
[SourceQuality "1"]

1. e4 c5 2. Nf3 Nc6 3. d4 cxd4 4. Nxd4 Nf6 5. Nc3 e6 6. Nxc6 bxc6 7. Bd3 Bb4 8. Bd2 0-0 9. 0-0 d5 10. e5 Nd7 11. f4 c5 12. Rf3 c4 13. Bxh7+ Kxh7 14. Rh3+ Kg8 15. Qh5 f6 16. Qh7+ Kf7 17. Qh5+ Ke7 18. Nxd5+ exd5 19. Bxb4+ Ke6 20. f5+ 1-0

[Event "Sarajevo Bosna op-B 44th"]
[Site "Sarajevo"]
[Date "2014.05.31"]
[Round "2"]
[White "Sadikovic, Jasmin"]
[Black "Hamzic, Adil"]
[Result "1-0"]
[WhiteElo "2073"]
[BlackElo "1788"]
[PlyCount "97"]
[EventDate "2014.05.30"]
[EventType "swiss"]
[EventRounds "9"]
[EventCountry "BIH"]
[SourceTitle "CBM 160 Extra"]
[Source "ChessBase"]
[SourceDate "2014.07.01"]
[SourceVersion "1"]
[SourceVersionDate "2014.07.01"]
[SourceQuality "1"]

1. e4 c5 2. Nf3 d6 3. c3 Nf6 4. Qc2 a6 5. d4 cxd4 6. cxd4 e6 7. Bd3 e5 8. dxe5 dxe5 9. Nxe5 Qa5+ 10. Bd2 Qc5 11. Qxc5 Bxc5 12. Bc3 b5 13. Nf3 Nh5 14. 0-0 0-0 15. Rd1 Bg4 16. b4 Bb6 17. Be2 Nf4 18. Kf1 Nc6 19. h3 Nxe2 20. Kxe2 Be6 21. Nbd2 Rfd8 22. Ng5 Bc8 23. Nb3 h6 24. Rxd8+ Bxd8 25. Nf3 Be6 26. Nfd2 Be7 27. a3 f6 28. Rc1 Rc8 29. Bb2 Kf7 30. f4 Na7 31. Rxc8 Nxc8 32. Bd4 Nd6 33. Nc5 Bc8 34. g4 Ne8 35. Nd3 Nc7 36. Bb6 Ne6 37. Nf3 Bd8 38. Bxd8 Nxd8 39. Ke3 Nb7 40. Kd4 Nd6 41. Nd2 Ke7 42. Nc5 g5 43. e5 Nf7 44. exf6+ Kxf6 45. f5 Nd6 46. Nde4+ Nxe4 47. Kxe4 h5 48. Kd4 hxg4 49. hxg4 1-0

[Event "Sarajevo Bosna op-B 43rd"]
[Site "Sarajevo"]
[Date "2013.06.04"]
[Round "5"]
[White "Zlobec, Srdjan"]
[Black "Hamzic, Adil"]
[Result "1-0"]
[WhiteElo "2045"]
[BlackElo "1786"]
[PlyCount "143"]
[EventDate "2013.06.01"]
[EventType "swiss"]
[EventRounds "9"]
[EventCountry "BIH"]
[SourceTitle "CBM 154 Extra"]
[Source "ChessBase"]
[SourceDate "2013.06.25"]
[SourceVersion "2"]
[SourceVersionDate "2013.06.25"]
[SourceQuality "1"]

1. e4 c5 2. Nf3 d6 3. d4 cxd4 4. Nxd4 Nf6 5. Nc3 a6 6. f3 e6 7. Be3 Be7 8. Qd2 b5 9. 0-0-0 Bb7 10. Kb1 Nbd7 11. g4 Rc8 12. h4 Ne5 13. g5 Nh5 14. Qf2 Nc4 15. Bxc4 Rxc4 16. Nb3 Qa8 17. Na5 Rc8 18. Ne2 0-0 19. Nf4 Nxf4 20. Bxf4 e5 21. Be3 f5 22. gxf6 Rxf6 23. Qe2 h6 24. Rhg1 Kh7 25. Rg3 Rg8 26. Bg5 Rg6 27. Qh2 Re6 28. Bxe7 Rxe7 29. Rxd6 Rd8 30. Nxb7 Rxb7 31. Qd2 Rxd6 32. Qxd6 Qb8 33. Qxa6 Qd8 34. Rg1 Rd7 35. a4 bxa4 36. Qxa4 Rd1+ 37. Rxd1 Qxd1+ 38. Ka2 Qxf3 39. Qc4 Qf6 40. b4 Qxh4 41. b5 Qd8 42. Qc6 h5 43. b6 h4 44. Qc7 Qa8+ 45. Kb3 Qa5 46. Qd8 Qb5+ 47. Kc3 Qc5+ 48. Kd3 Qf2 49. b7 Qf3+ 50. Kd2 Qf2+ 51. Kc3 Qc5+ 52. Kd3 Qb5+ 53. Ke3 Qxb7 54. Qxh4+ Kg6 55. Qg4+ Kh6 56. Qe6+ Kh7 57. Qxe5 Qb6+ 58. Kd3 Qb1 59. Qf5+ Kg8 60. Kd2 Qb4+ 61. c3 Qb2+ 62. Kd3 Qb1+ 63. Kd4 Qg1+ 64. Kc4 Qa7 65. Qd5+ Kh7 66. Kd3 Qa6+ 67. c4 Qa3+ 68. Kd4 Qb2+ 69. Kc5 Qf2+ 70. Kc6 Qf4 71. e5 g5 72. e6 1-0

[Event "Sarajevo Bosna op-B 43rd"]
[Site "Sarajevo"]
[Date "2013.06.03"]
[Round "4"]
[White "Hamzic, Adil"]
[Black "Bucan, Eldin"]
[Result "1-0"]
[WhiteElo "1786"]
[BlackElo "2196"]
[PlyCount "87"]
[EventDate "2013.06.01"]
[EventType "swiss"]
[EventRounds "9"]
[EventCountry "BIH"]
[SourceTitle "CBM 154 Extra"]
[Source "ChessBase"]
[SourceDate "2013.06.25"]
[SourceVersion "2"]
[SourceVersionDate "2013.06.25"]
[SourceQuality "1"]

1. e4 e5 2. Nf3 Nc6 3. Bb5 Nf6 4. 0-0 Bc5 5. c3 0-0 6. d3 d6 7. h3 Ne7 8. Re1 Ng6 9. Nbd2 Bb6 10. Nc4 Bxf2+ 11. Kxf2 c6 12. Ba4 b5 13. Nxd6 Qxd6 14. Bc2 c5 15. Be3 Bb7 16. Qe2 Nh5 17. Kg1 Nhf4 18. Qf1 f5 19. Rad1 fxe4 20. dxe4 Qc6 21. Rd2 Rf6 22. Rf2 Raf8 23. Kh2 c4 24. Nxe5 Nxe5 25. Bxf4 g5 26. Bg3 Rxf2 27. Bxf2 Qc7 28. Kg1 g4 29. Re3 gxh3 30. Rg3+ Kh8 31. Qe2 h2+ 32. Kh1 Ng6 33. Bd4+ Kg8 34. e5 Qf7 35. Qh5 Bxg2+ 36. Kxh2 Bf3 37. Qg5 Qe6 38. Bxg6 hxg6 39. Qh6 Be4 40. Rh3 Kf7 41. Qh7+ Ke8 42. Qc7 Qg4 43. Qb8+ Kd7 44. Rh7+ 1-0

[Event "Sarajevo Bosna op-B 43rd"]
[Site "Sarajevo"]
[Date "2013.06.02"]
[Round "2"]
[White "Hamzic, Adil"]
[Black "Banduka, Zeljko"]
[Result "0-1"]
[WhiteElo "1786"]
[BlackElo "2217"]
[PlyCount "62"]
[EventDate "2013.06.01"]
[EventType "swiss"]
[EventRounds "9"]
[EventCountry "BIH"]
[SourceTitle "CBM 154 Extra"]
[Source "ChessBase"]
[SourceDate "2013.06.25"]
[SourceVersion "2"]
[SourceVersionDate "2013.06.25"]
[SourceQuality "1"]

1. e4 c5 2. Nf3 d6 3. Bb5+ Nd7 4. 0-0 a6 5. Bxd7+ Qxd7 6. c4 b5 7. d3 g6 8. Nbd2 Bg7 9. Rb1 b4 10. b3 e5 11. h3 Ne7 12. Bb2 h6 13. Nh2 g5 14. Qg4 Ng6 15. g3 h5 16. Qxd7+ Bxd7 17. f4 gxf4 18. g4 hxg4 19. hxg4 Ke7 20. Ndf3 Rh3 21. Kf2 Rah8 22. Ke1 Rxh2 23. Nxh2 Rxh2 24. Rf2 Rh1+ 25. Rf1 Rxf1+ 26. Kxf1 Bxg4 27. Bc1 Nh4 28. a3 a5 29. Kf2 Bf6 30. axb4 axb4 31. Bb2 Nf3 0-1

[Event "Bosnjaci op 18th"]
[Site "Bosnjaci"]
[Date "2013.01.05"]
[Round "4"]
[White "Monjac, Mislav"]
[Black "Hamzic, Adil"]
[Result "1-0"]
[WhiteElo "2129"]
[BlackElo "1785"]
[PlyCount "57"]
[EventDate "2013.01.03"]
[EventType "swiss"]
[EventRounds "9"]
[EventCountry "CRO"]
[SourceTitle "CBM 152 Extra"]
[Source "ChessBase"]
[SourceDate "2013.02.25"]
[SourceVersion "1"]
[SourceVersionDate "2013.02.25"]
[SourceQuality "1"]

1. e4 c5 2. Nf3 d6 3. Bb5+ Bd7 4. Bxd7+ Qxd7 5. 0-0 Nc6 6. Qe2 e6 7. Rd1 Qc7 8. c3 Be7 9. d4 cxd4 10. cxd4 e5 11. d5 Nb8 12. Nc3 Nf6 13. Be3 b6 14. Rac1 Bd8 15. Nh4 0-0 16. Nf5 Ne8 17. Qg4 f6 18. Nb5 Qb7 19. Nbxd6 Nxd6 20. Nxd6 Qd7 21. Nf5 Kh8 22. Qe2 g6 23. Ng3 f5 24. exf5 gxf5 25. Bh6 Re8 26. Qh5 f4 27. Nf5 Rg8 28. Bg7+ Rxg7 29. Nxg7 1-0

[Event "Bosnjaci op 15th"]
[Site "Bosnjaci"]
[Date "2010.01.05"]
[Round "4"]
[White "Hamzic, Adil"]
[Black "Pandurevic, Miro"]
[Result "0-1"]
[WhiteElo "1841"]
[BlackElo "2314"]
[PlyCount "38"]
[EventDate "2010.01.03"]
[EventType "swiss"]
[EventRounds "9"]
[EventCountry "CRO"]
[SourceTitle "CBM 134 Extra"]
[Source "ChessBase"]
[SourceDate "2010.03.03"]
[SourceVersion "1"]
[SourceVersionDate "2010.03.03"]
[SourceQuality "1"]

1. e4 e6 2. d4 d5 3. Nd2 Nc6 4. Ngf3 Nf6 5. exd5 exd5 6. c3 Bd6 7. Be2 0-0 8. 0-0 Re8 9. Nb3 Ne4 10. h3 Ne7 11. Bd3 Ng6 12. Qc2 Qf6 13. Bxe4 dxe4 14. Nh2 Nh4 15. Qe2 Qg6 16. g4 f5 17. Kh1 fxg4 18. Rg1 Bxh2 19. Kxh2 Nf3+ 0-1